WORLD resources 2002-2004

Bibliographic Details
Corporate Authors: The World Bank, United Nations Development Programme, United Nations Environment Programme, World Resources Institute
Format: Book
Published: Washington, D.C. : World Resources Institute , 2003
Subjects:

MARC

LEADER 00000cam a2200000 7i4500
001 0000002969
005 20040325.0
020 0 0 |a 1569735328 
090 0 0 |a R333.72   |b WOR 2003 
245 0 0 |a WORLD resources 2002-2004 
260 0 0 |a Washington, D.C. :   |b World Resources Institute ,   |c 2003 
300 |a ix, 314 :   |b ill. ;   |c 27 cm. 
500 0 0 |a Includes bibliography : p. 287-306 and index 
650 0 0 |a Environmental management 
650 0 0 |a Environmental policy 
710 1 1 |a The World Bank 
710 1 1 |a United Nations Development Programme 
710 1 1 |a United Nations Environment Programme 
710 1 1 |a World Resources Institute 
998 |a JPSM 
999 |a 0000005221   |b Monograph   |c Reference   |e Default branch